Aktuálne trendy v oblasti regulácie komerčných bánk v EÚ diplomová práca

Enregistré dans:
Détails bibliographiques
Auteur principal: Nemcová, Zdenka
Collectivité auteur: Národohospodárska fakulta EU. Katedra bankovníctva a medzinárodných financií
Autres auteurs: Šturc, Boris, 1961-
Format: Livre
Langue:slovaque
Publié: Bratislava 2012
Tags: Ajouter un tag
Pas de tags, Soyez le premier à ajouter un tag!

MARC

LEADER 00000nbm a2200000 4500
001 0153481
005 20161109102117.0
041 0 |a slo 
044 |a SK 
245 1 0 |a Aktuálne trendy v oblasti regulácie komerčných bánk v EÚ  |b diplomová práca  |c Zdenka Nemcová ; školiteľ: Boris Šturc 
264 1 |a Bratislava  |c 2012 
300 |a 69 s. 
100 1 |a Nemcová, Zdenka 
700 1 |a Šturc, Boris, 1961- 
710 2 |a Národohospodárska fakulta EU. Katedra bankovníctva a medzinárodných financií